Responses for Show #6695 - Friday, October 25, 2013

Contestants

[<< previous game]

James Cross, a graduate student of computer science originally from Auburn, Alabama

Melanie Hess, a technical editor from Lancaster, Pennsylvania

Mike Shapiro, an actuary from Denver, Colorado (whose 1-day cash winnings total $3,401)

[next game >>]

Jeopardy! Round responses

GET YOUR KICKS
"C" IN AMERICAN HISTORY
GRAPE JAM
STATE OF THE BOOK
TRANSLATE THE LYRIC FROM LATIN
ONE EXTRA LETTER
(Alex: Each response will be two words, but one has an extra letter.)
    $200 26
a clog

James
    $200 2
the Cold War

Mike
    $200 21
Boston Harbor

Mike
    $200 16
Texas

Triple Stumper
    $200 7
party

James
    $200 1
batter & battery

Melanie
    $400 27
a penny loafer

Mike
    $400 12
Columbia University

James
    $400 22
rice

James
    $400 17
New York

James
    $400 8
a hurricane

Mike
    $400 3
rated & rafted (rating & rafting accepted)

Mike
    $600 28
elevator shoes

Triple Stumper
    $600 13
cod

Melanie
    $600 23
"I Heard It Through The Grapevine"

Mike
    $600 18
[The time's-up signal sounds.]
(Alex: Mike?)
(Mike: [*]?)
(Alex: [*]. [*].)

Colorado

Triple Stumper
    $600 9
[Alex pronounces "delicate" like "del-ee-CAH-tay".]

tender

James
    $600 4
statue & statute

James
    $800 29
sandals

James
    $800 14
(Kit) Carson

Triple Stumper
    $800 24
Germany

James
    $1,500 19
Mississippi

James
    $800 10
child

Melanie
    $800 5
face & farce

James
    $1000 30
an Oxford

Mike
    $1000 15
(Alex: Remember the story of the [*].)

the Charter Oak

Triple Stumper
    $1000 25
(Thomas) Welch

Melanie
    $1000 20
Oklahoma & California

Melanie
    $1000 11
twenty

Melanie
    $1000 6
scant & secant

Triple Stumper

Scores at the first commercial break (after clue 15):

Mike Melanie James
$1,000 $2,600 $2,600

Scores at the end of the Jeopardy! Round:

Mike Melanie James
$3,200 $4,600 $6,700

Double Jeopardy! Round responses

GET YOUR KICKS
(Alex: But a different category than the first round.)
1960s NEWSMAKERS
CEREMONIES
CHINA TOWNS
GILBERT & SULLIVAN
JEOPARDY! IN 3-D
(Alex: ...because there will be 3 "D"s in each correct response.)
    $400 9
(David) Beckham

Mike
    $400 4
John Glenn

Mike
    $400 12
sun dance (Sundance)

James
    $400 24
Beijing

James
    $400 1
Mikado

Mike
    $400 17
shredded

James
    $800 10
the dolphin kick

Triple Stumper
    $800 5
(Moshe) Dayan

Mike
    $800 13
the tea ceremony

Melanie
    $800 25
(Alex: We're talking about [*]. Changed its name. Not the one in Ohio.)

Canton

Triple Stumper
    $800 2
(Alex: Instead of a pilot, a pirate. [*].)

The Pirates of Penzance

Triple Stumper
    $800 18
double-edged

Melanie
    $1200 11
(James: What is hockey?)
(Mike: What is soccer?)
...
(Alex: What is [*]? You kick somebody the wrong way and your toe might turn upside down.)

mixed martial arts

MikeJames
Triple Stumper
    $1200 6
(Mike: Who is Thompson?)

Bill Mazeroski

Mike
Triple Stumper
    $1200 14
(Melanie: What is Oslo?)

Stockholm

MelanieJames
    $3,000 26
(Alex: A little less than a minute to go now, James.)

Tsingtao

James
    $1200 3
HMS Pinafore

Mike
    $1200 19
a daddy longlegs

Mike
    $1600 22
Australian rules football

Melanie
    $3,000 7
Adlai Stevenson

Mike
    $1600 15
hair

Melanie
    $1600 27
Three Gorges

James
    $1600 29
The Yeomen of the Guard

Triple Stumper
    $1600 20
a didgeridoo

Mike
    $2000 23
the Denver Broncos

Mike
    $2000 8
(Timothy) Leary

James
    $2000 16
baptism

Mike
    $2000 28
the Silk Road

Mike
    $2000 30
The Gondoliers

James
    $2000 21
the rhododendron

Melanie

Scores at the end of the Double Jeopardy! Round:

Mike Melanie James
$15,800 $10,200 $16,500

[wagering suggestions for these scores]

Final Jeopardy! Round responses

EUROPEAN LITERATURE
(Alex: [To Mike] [*], by Hermann Hesse.)
...
(Alex: [To James] And he came up with an incomplete response, and so we have to rule against you.)
MelanieWhat ----
$4,900
MikeWhat is Siddharta?
$5,599
JamesWhat is Siddhart
$15,101
Siddhartha

Final scores:

Mike Melanie James
$21,399 $5,300 $1,399
2-day champion: $24,800 2nd place: $2,000 3rd place: $1,000

Game dynamics:

Coryat scores:

Mike Melanie James
$14,400 $10,200 $14,000
18 R
(including 1 DD),
2 W
11 R,
1 W
19 R
(including 2 DDs),
1 W

Combined Coryat: $38,600

[game clues] [game scores] [suggest correction]

Game tape date: 2013-09-11
The J! Archive is created by fans, for fans. Scraping, republication, monetization, and malicious use prohibited; this site may use cookies and collect identifying information. See terms. The Jeopardy! game show and all elements thereof, including but not limited to copyright and trademark thereto, are the property of Jeopardy Productions, Inc. and are protected under law. This website is not affiliated with, sponsored by, or operated by Jeopardy Productions, Inc. Join the discussion at JBoard.tv.